Víctor Vázquez (Record no. 9041)

MARC details
000 - LÍDER
campo de control de longitud fija 00703nam a2200181Ia 4500
008 - ELEMENTOS DE DATOS DE LONGITUD FIJA - INFORMACIÓN GENERAL
campo de control de longitud fija 0000002003 engd 0000000000spa00
090 ## - NÚMERO DE LLAMADA DE TIPO LC LOCALMENTE ASIGNADO (OCLC)
Número de clasificación (OCLC) (R) PPR02 V19v
100 1# - ENTRADA PRINCIPAL - NOMBRE PERSONAL
Nombre de la persona Vázquez, Víctor
Fechas asociadas a un nombre 1942
245 10 - TÍTULO DECLARACIÓN
Título Víctor Vázquez
Resto del título : memorabilia, instalación [Disco compacto]
Declaración de responsabilidad / fotos Ray Carofano
260 ## - PUBLICACIÓN, DISTRIBUCIÓN
Lugar de publicación Los Angeles : Couturier Gallery
Fecha de publicación 2003
300 ## - DESCRIPCIÓN FÍSICA
Alcance 1 CD ROM bajo windows ; 12 cm.
505 ## - NOTA DE CONTENIDO FORMATEADA
Nota sobre el contenido formateado Archivo Silla Memorabilia Instalación
600 00 - ENTRADA DE SUJETO AÑADIDO - NOMBRE PERSONAL
Nombre de la persona VAZQUEZ, VICTOR, 1942/
Subdivisión general TRABAJOS ARTISTICOS
650 14 - ENTRADA DE SUJETO AÑADIDO - TÉRMINO TÓPICO
Término tópico o elemento de entrada del nombre geográfico ARTE CONTEMPORANEO PUERTORRIQUEÑO CDROM
650 14 - ENTRADA DE SUJETO AÑADIDO - TÉRMINO TÓPICO
Término tópico o elemento de entrada del nombre geográfico PINTORES PUERTORRIQUEÑOS CDROM
650 14 - ENTRADA DE SUJETO AÑADIDO - TÉRMINO TÓPICO
Término tópico o elemento de entrada del nombre geográfico PINTURA PUERTORRIQUEÑA CDROM
700 1# - ENTRADA AGREGADA - NOMBRE PERSONAL
Nombre de la persona Carofano, Ray
Holdings
Estado de retirada Pérdida de estatus Estado dañado No para préstamo Código de recogida Ubicación permanente Ubicación actual Ubicación de las estanterías Fecha de adquisición Número de llamada completo Código de barras Fecha de la última vez que se vio Número de copia Precio efectivo desde Tipo de artículo Koha
        General ArtNexus ArtNexus General 06/09/2022 P-PR-02 V19V 9046 06/09/2022 Ej.1 06/09/2022 CD-ROM

Powered by Koha